Badminton Skill and Rules (Record no. 66423)
[ view plain ]
| 000 -LEADER | |
|---|---|
| fixed length control field | 00284nam a22001217a 4500 |
| 008 - FIXED-LENGTH DATA ELEMENTS--GENERAL INFORMATION | |
| fixed length control field | 251003b |||||||| |||| 00| 0 eng d |
| 040 ## - CATALOGING SOURCE | |
| Original cataloging agency | IIMT University College of Education-B.P.Ed |
| 100 ## - MAIN ENTRY--PERSONAL NAME | |
| Personal name | Kumar ,Sunil |
| 245 ## - TITLE STATEMENT | |
| Title | Badminton Skill and Rules |
| 260 ## - PUBLICATION, DISTRIBUTION, ETC. (IMPRINT) | |
| Place of publication, distribution, etc | New Delhi |
| Name of publisher, distributor, etc | Khel sahitya kendra |
| 300 ## - PHYSICAL DESCRIPTION | |
| Pages | 327 |
| 942 ## - ADDED ENTRY ELEMENTS (KOHA) | |
| Koha item type | Text-Book- for 7 days |
| 952 ## - LOCATION AND ITEM INFORMATION (KOHA) | |
| -- | 2025-10-03 |
| Withdrawn status | Lost status | Source of classification or shelving scheme | Damaged status | Not for loan | Location (home branch) | Sublocation or collection (holding branch) | Date acquired | Source of Acquisition | Koha issues (times borrowed) | Accession No. | Koha date last seen | Koha item type |
|---|---|---|---|---|---|---|---|---|---|---|---|---|
| IIMT University College of Education-B.P.Ed | IIMT University College of Education-B.P.Ed | 10/03/2025 | Khel sahitya kendra | 17-B-3970 | Text-Book- for 7 days |

